000 00542nam a22001937a 4500
005 20240731044322.0
008 240731b |||||||| |||| 00| 0 eng d
020 _a9552401194
082 _222
_a294
_bVIO
100 _aHarris, J. Elizabeth
245 _aViolence and Disruption in Society :
_bA study of the Early Buddhist Texts
_cElizabeth J. Harris
260 _aKandy
_bBuddhist Publication Society
_c1994
300 _a58 p .,
650 _aBuddhism
650 _aSocial
650 _anon - violence
650 _aSociety
942 _cL
999 _c5916
_d5916